000 00795nam a2200229Ii 4500
003 JO-AjNU
008 230605s9999||||xx |||||||||||||| ||und||
017 _a2008/1/1072
020 _a978-9957-07-001-0
040 _aJO-AjNU
_bara
_erda
_cJO-AjNU
041 _aara
050 1 4 _aHV1626.H33 2011
100 3 _aالحديدي، منى صبحي,
_eauthor
_931448
245 0 0 _aمقدمة في الاعاقة البصرية
250 _aط4
264 3 1 _aعمان: دار الفكر ناشرون وموزعون، 2011
300 _a314ص
_bيحتوي على ببلوغرافية من 313-314ص
336 _atext
_btxt
_2rdacontent
337 _aunmediated
_bn
_2rdamedia
338 _avolume
_bnc
_2rdacarrier
650 4 _aصعوبات التعلم -التعلم المكفوفون
_931449
999 _aA12580
_c16148
_d16148